|
|
|
|
| LEADER |
00000nam a2200000 a 4500 |
| 001 |
UCI5525 |
| 003 |
CL-VaPUC |
| 008 |
080328e20070000CL |||||||||||||||||spa|d |
| 020 |
|
|
|a 9789568541323
|
| 082 |
0 |
4 |
|a 344.830121
|b NAD
|2 21
|
| 100 |
|
|
|a Nadal Serri, Daniel
|e autor
|9 295027
|
| 245 |
1 |
4 |
|a Las remuneraciones en el Código del Trabajo
|
| 300 |
|
|
|a 470 p
|
| 942 |
|
|
|c BK
|
| 945 |
|
|
|d 20080328 00:00:00
|a jtorresc
|
| 260 |
|
|
|a Santiago
|b PuntoLex
|c 2007
|
| 650 |
|
7 |
|a REMUNERACIONES
|2 CL-VaPUC
|9 371777
|
| 650 |
|
0 |
|a Salario mínimo
|9 365620
|
| 650 |
|
0 |
|a Código del trabajo
|9 255479
|
| 650 |
|
7 |
|a REAJUSTE
|2 CL-VaPUC
|9 369428
|
| 650 |
|
0 |
|a Derecho comparado
|9 255664
|
| 650 |
|
0 |
|a Aspectos jurídicos
|9 328188
|
| 651 |
|
7 |
|a CHILE
|2 CL-VaPUC
|9 527949
|
| 583 |
|
|
|a last modification
|c 20080328 00:00:00
|k Rodrigo Vera
|
| 999 |
|
|
|c 329256
|d 329254
|
| 952 |
|
|
|0 0
|1 0
|4 0
|6 344_830121000000000_NAD_2007
|7 0
|8 A
|9 413631
|a BIBDER
|b BIBDER
|d 2019-11-22
|i 441988K
|o 344.830121 NAD 2007
|p 441988K
|r 2023-01-25
|w 2019-11-22
|y BK
|k DER
|
| 952 |
|
|
|0 0
|1 0
|4 0
|6 344_830121000000000_NAD_2007
|7 0
|8 A
|9 413632
|a BIBDER
|b BIBDER
|d 2019-11-22
|i 4419898
|o 344.830121 NAD 2007
|p 4419898
|r 2023-01-25
|w 2019-11-22
|y BK
|k DER
|
| 952 |
|
|
|0 0
|1 0
|4 0
|6 344_830121000000000_NAD_2007
|7 0
|8 R
|9 413633
|a BIBGIM
|b BIBGIM
|d 2019-11-22
|i 4439708
|o 344.830121 NAD 2007
|p 4439708
|r 2025-01-15
|w 2019-11-22
|y BK_R
|k COM
|
| 952 |
|
|
|0 0
|1 0
|4 0
|6 344_830121000000000_NAD_2007
|7 0
|8 R
|9 413634
|a BIBGIM
|b BIBGIM
|d 2019-11-22
|i 4439716
|o 344.830121 NAD 2007
|p 4439716
|r 2025-01-15
|w 2019-11-22
|y BK_R
|k COM
|